Method of measurement of construction works, prepared by the Institute (Record no. 95041)

MARC details
000 -LEADER
fixed length control field 00575cam a2200205 4500
001 - CONTROL NUMBER
control field D2159
008 - FIXED-LENGTH DATA ELEMENTS--GENERAL INFORMATION
fixed length control field 090401t1963 xxu||||| |||| 00| 0 eng d
035 ## - SYSTEM CONTROL NUMBER
System control number (Sirsi) u67704
041 ## - LANGUAGE CODE
Language code of text/sound track or separate title eng
050 ## - LIBRARY OF CONGRESS CALL NUMBER
Classification number 692.30971
110 ## - MAIN ENTRY--CORPORATE NAME
Corporate name or jurisdiction name as entry element The Canadian Institute of Quantity Surveyors
9 (RLIN) 1899
245 ## - TITLE STATEMENT
Title Method of measurement of construction works, prepared by the Institute
250 ## - EDITION STATEMENT
Edition statement 2nd
260 ## - PUBLICATION, DISTRIBUTION, ETC.
Place of publication, distribution, etc. Toronto
Name of publisher, distributor, etc. The Canadian Institute of Quantity Surve
Date of publication, distribution, etc. 1963
300 ## - PHYSICAL DESCRIPTION
Extent 37p. 23cm
350 ## - PRICE (NR) (BK AM CF MU VM SE) [OBSOLETE]
Price 3
520 ## - SUMMARY, ETC.
Summary, etc. Filed at SMM 1963/2B
942 ## - ADDED ENTRY ELEMENTS (KOHA)
Suppress in OPAC 0
948 ## - LOCAL PROCESSING INFORMATION (OCLC); SERIES PART DESIGNATOR (RLIN)
c (OCLC) 04/03/1997
Holdings
Withdrawn status Lost status Source of classification or shelving scheme Damaged status Not for loan Home library Current library Shelving location Date acquired Cost, normal purchase price Total Checkouts Full call number Barcode Date last seen Copy number Cost, replacement price Price effective from Koha item type
    Dewey Decimal Classification     London London Boxed set 09/01/1992 3.00   SMM 1963/2 30032073 06/08/2019 1 3.00 06/08/2019 Reference material